000 00759nam a2200241 a 4500
001 834
003 BR-CuiBMT
005 20231129064142.0
008 231121s2015 baba 000 0 por d
020 _a8544202965
040 _aBR-CuiBMT
_cBR-CuiBMT
080 _22007
_a336.5
090 _a336.5
_bG216d
_c11. ed.
100 1 _aGarcia, Leonardo de Medeiros,
_d1977-
245 1 0 _aDireito do consumidor :
_bcódigo comentado e jurisprudência /
_cLeonardo de Medeiros Garcia.
250 _a11. ed., rev., ampl. e atual
260 _aSalvador :
_bJusPODIVM,
_c2015.
300 _a677 p. :
_bil. ;
_c24 cm
504 _aInclui bibliografia.
650 _aDefesa do consumidor
_vLegislação
_zBrasil
650 _aDireito do consumidor
_zBrasil
942 _2udc
_cLV
999 _c834
_d834